Revitalizácia diaľničného odpočívadla D1 Piešťany s integráciou ekologického systému čistenia odpadových vôd
Na minha lista:
| Autor principal: | |
|---|---|
| Outros Autores: | |
| Formato: | Manuscrito Livro |
| Idioma: | eslovaco |
| Publicado em: |
2025
|
| Assuntos: | |
| Acesso em linha: | http://is.stuba.sk/zp/portal_zp.pl?podrobnosti=181994 CRZP |
| Tags: |
Sem tags, seja o primeiro a adicionar uma tag!
|
MARC
| LEADER | 00000ntm a22000003a 4500 | ||
|---|---|---|---|
| 001 | stuzp105172 | ||
| 003 | SK-STU | ||
| 005 | 20250731152034.9 | ||
| 007 | ta | ||
| 008 | 150427s2015----xo-----f-mn---000-0-slo-d | ||
| 040 | |a STU |b slo | ||
| 041 | 0 | |a slo | |
| 100 | 1 | |a Samek, Nikki |u 010280 |4 aut |U SvF Stavebná fakulta |T SvF Katedra zdravotného inžinierstva |X 106073 |U V280 |Y 29 |7 106073 | |
| 242 | 0 | 1 | |a Revitalisation of the D1 Piešt'any motorway rest area with integration of an ecological wastewater treatment system |y eng |
| 245 | 1 | 0 | |a Revitalizácia diaľničného odpočívadla D1 Piešťany s integráciou ekologického systému čistenia odpadových vôd |
| 260 | |c 2025 | ||
| 650 | 4 | |a D1 Motorway |2 eng | |
| 650 | 4 | |a Constructed wetland wastewater treatment plant |2 eng | |
| 650 | 4 | |a revitalization |2 eng | |
| 650 | 4 | |a Motorway rest area |2 eng | |
| 650 | 4 | |a revitalizácia |2 slo | |
| 650 | 4 | |a koreňová čistiareň odpadových vôd |2 slo | |
| 650 | 4 | |a diaľnica D1 |2 slo | |
| 650 | 4 | |a diaľničné odpočívadlo |2 slo | |
| 700 | 1 | |a Hrudka, Jaroslav |u 010280 |k Z1 |4 ths |U SvF Stavebná fakulta |T SvF Katedra zdravotného inžinierstva |X 50522 |U V280 |Y 29 |7 A000050522 | |
| 856 | 4 | |u http://is.stuba.sk/zp/portal_zp.pl?podrobnosti=181994 | |
| 856 | 4 | |u https://opac.crzp.sk/?fn=detailBiblioForm&sid=226A7A544DA3649F67523DE9F6D0 |z CRZP | |